A zsidó vallás gasztronómiai sajátosságai
Elmentve itt :
| Szerző: | |
|---|---|
| További közreműködők: | |
| Dokumentumtípus: | Szakdolgozat |
| Megjelent: |
2006
|
| Tárgyszavak: | |
| Online Access: | http://diploma.bibl.u-szeged.hu/105451 |
| LEADER | 00582nta a2200169 i 4500 | ||
|---|---|---|---|
| 001 | dipl105451 | ||
| 005 | 20210202131821.0 | ||
| 008 | 210202s2006 hu om 0|| zxx d | ||
| 040 | |a SZTE Diploma Repozitórium |b hun | ||
| 041 | |a zxx | ||
| 100 | 1 | |a Kovács Edit | |
| 245 | 1 | 2 | |a A zsidó vallás gasztronómiai sajátosságai |h [elektronikus dokumentum] / |c Edit Kovács |
| 260 | |c 2006 | ||
| 650 | 4 | |a Társadalomtudomány | |
| 650 | 4 | |a Social sciences | |
| 700 | 2 | |a Szécsiné Járási Anikó |e ths | |
| 856 | 4 | 0 | |u http://diploma.bibl.u-szeged.hu/id/eprint/105451/1/2006_kovacs_edit.pdf |z Dokumentum-elérés |